<?xml version="1.0" encoding="UTF-8"?>
<record
    xmlns:xsi="http://www.w3.org/2001/XMLSchema-instance"
    xsi:schemaLocation="http://www.loc.gov/MARC21/slim http://www.loc.gov/standards/marcxml/schema/MARC21slim.xsd"
    xmlns="http://www.loc.gov/MARC21/slim">

  <leader>03198nam a2200361 a 4500</leader>
  <controlfield tag="003">CHAP</controlfield>
  <controlfield tag="005">20230314184040.0</controlfield>
  <controlfield tag="007">ta</controlfield>
  <controlfield tag="008">230314s2018    sp ado|f |||| 001 0 spa d</controlfield>
  <datafield tag="020" ind1=" " ind2=" ">
    <subfield code="a">978-84-200-1163-9</subfield>
  </datafield>
  <datafield tag="040" ind1=" " ind2=" ">
    <subfield code="a">mxchpua</subfield>
    <subfield code="c">CHAP</subfield>
    <subfield code="e">rda</subfield>
  </datafield>
  <datafield tag="050" ind1="1" ind2="0">
    <subfield code="a">TP372.3</subfield>
    <subfield code="b">.C54 2018</subfield>
  </datafield>
  <datafield tag="082" ind1="0" ind2="0">
    <subfield code="a">664.02853</subfield>
    <subfield code="b">C54 2018</subfield>
    <subfield code="2">20</subfield>
  </datafield>
  <datafield tag="240" ind1="1" ind2="0">
    <subfield code="a">Frozen food science and technology.</subfield>
    <subfield code="l">Espa&#xF1;ol</subfield>
  </datafield>
  <datafield tag="245" ind1="1" ind2="0">
    <subfield code="a">Ciencia y tecnolog&#xED;a de los alimentos congelados / </subfield>
    <subfield code="c">editora Judith A. Evans ; traductor Albert Ibarz Ribas ; colaboradores Mark Berry...[y otros]</subfield>
  </datafield>
  <datafield tag="250" ind1=" " ind2=" ">
    <subfield code="a">1a edici&#xF3;n</subfield>
  </datafield>
  <datafield tag="264" ind1=" " ind2=" ">
    <subfield code="a">Espa&#xF1;a : </subfield>
    <subfield code="b">Acribia,</subfield>
    <subfield code="c">2018</subfield>
  </datafield>
  <datafield tag="300" ind1=" " ind2=" ">
    <subfield code="a">xi, 434 p&#xE1;ginas : </subfield>
    <subfield code="b">ilustraciones, gr&#xE1;ficas, fotos</subfield>
  </datafield>
  <datafield tag="336" ind1=" " ind2=" ">
    <subfield code="2">rdacontent</subfield>
    <subfield code="a">texto</subfield>
    <subfield code="b">txt</subfield>
  </datafield>
  <datafield tag="337" ind1=" " ind2=" ">
    <subfield code="2">rdamedia</subfield>
    <subfield code="a">sin medio</subfield>
    <subfield code="b">n</subfield>
  </datafield>
  <datafield tag="338" ind1=" " ind2=" ">
    <subfield code="2">rdacarrier</subfield>
    <subfield code="a">volumen</subfield>
    <subfield code="b">nc</subfield>
  </datafield>
  <datafield tag="504" ind1=" " ind2=" ">
    <subfield code="a">Incluye bibliograf&#xED;a</subfield>
  </datafield>
  <datafield tag="505" ind1="0" ind2=" ">
    <subfield code="a">Colaboradores - Pr&#xF3;logo - 1. Propiedades t&#xE9;rmicas y desarrollo de cristales de hielo en los alimentos congelados - 2. Efecto de la congelaci&#xF3;n sobre las propiedades nutricionales y microbiol&#xF3;gicas de los alimentos - 3. Modelizaci&#xF3;n de los procesos de congelaci&#xF3;n - 4. Especificaci&#xF3;n y selecci&#xF3;n de plantas de refrigeraci&#xF3;n y congeladores - 5. Procesos de congelaci&#xF3;n emergentes y novedosos - 6. Congelaci&#xF3;n de carne - 7. Congelaci&#xF3;n de pescado - 8. Congelaci&#xF3;n de frutas y hortalizas - 9. Congelaci&#xF3;n de productos de panader&#xED;a y postres - 10. Desarrollo de productos congelados para el mercado y la congelaci&#xF3;n de comidas preparadas-listas para comer - 11. Almacenamiento bajo congelaci&#xF3;n - 12. Liofilizaci&#xF3;n - 13. Transporte de alimentos congelados - 14. Exposici&#xF3;n de congelados al por menor - 15. Manejo de alimentos congelados por el consumidor - &#xCD;ndice alfab&#xE9;tico.</subfield>
  </datafield>
  <datafield tag="520" ind1="2" ind2=" ">
    <subfield code="a">Este libro proporciona una informaci&#xF3;n completa sobre la congelaci&#xF3;n y el almacenamiento congelado de alimentos. Describe el proceso de congelaci&#xF3;n y proporciona una comprensi&#xF3;n fundamental de los procesos t&#xE9;rmicos y f&#xED;sicos que ocurren durante la congelaci&#xF3;n. Ofrece pautas y consejos sobre c&#xF3;mo congelar alimentos y mantener su calidad durante el almacenamiento, el transporte, la exposici&#xF3;n de venta al por menor y en el hogar. Trata aspectos espec&#xED;ficos de la congelaci&#xF3;n sobre: carne, pescado, frutas y verduras. La legislaci&#xF3;n y los nuevos procesos de congelaci&#xF3;n tambi&#xE9;n est&#xE1;n cubiertos.

Muestra un conocimiento profundo de las tecnolog&#xED;as de refrigeraci&#xF3;n actuales y emergentes a lo largo de toda la cadena de alimentos congelados, lo que permite a los lectores optimizar la calidad de los alimentos congelados.

Est&#xE1; dirigido a cient&#xED;ficos, tecn&#xF3;logos e ingenieros de alimentos dentro de la industria de alimentos congelados, minoristas de alimentos congelados, e investigadores y estudiantes de ciencia y tecnolog&#xED;a de alimentos.</subfield>
  </datafield>
  <datafield tag="650" ind1="1" ind2="3">
    <subfield code="9">4302</subfield>
    <subfield code="a">Alimentos congelados</subfield>
  </datafield>
  <datafield tag="650" ind1="1" ind2="3">
    <subfield code="9">185265</subfield>
    <subfield code="a">Industria de los alimentos congelados</subfield>
  </datafield>
  <datafield tag="650" ind1="1" ind2="3">
    <subfield code="9">147452</subfield>
    <subfield code="a">Frozen foods  </subfield>
  </datafield>
  <datafield tag="650" ind1="1" ind2="3">
    <subfield code="9">158556</subfield>
    <subfield code="a">Frozen foods industry</subfield>
  </datafield>
  <datafield tag="700" ind1="1" ind2=" ">
    <subfield code="9">186397</subfield>
    <subfield code="a">Evans, Judith A. </subfield>
    <subfield code="e">editora</subfield>
  </datafield>
  <datafield tag="700" ind1="1" ind2=" ">
    <subfield code="9">154435</subfield>
    <subfield code="a">Ibarz Ribas, Albert</subfield>
    <subfield code="e">traductor</subfield>
  </datafield>
  <datafield tag="700" ind1="1" ind2=" ">
    <subfield code="9">186398</subfield>
    <subfield code="a">Berry, Mark</subfield>
    <subfield code="e">colaborador</subfield>
  </datafield>
  <datafield tag="942" ind1=" " ind2=" ">
    <subfield code="2">ddc</subfield>
    <subfield code="c">Libro</subfield>
  </datafield>
  <datafield tag="999" ind1=" " ind2=" ">
    <subfield code="c">218533</subfield>
    <subfield code="d">218533</subfield>
  </datafield>
  <datafield tag="952" ind1=" " ind2=" ">
    <subfield code="0">0</subfield>
    <subfield code="1">0</subfield>
    <subfield code="2">ddc</subfield>
    <subfield code="4">0</subfield>
    <subfield code="5">1</subfield>
    <subfield code="7">0</subfield>
    <subfield code="8">GRAL</subfield>
    <subfield code="a">IA_</subfield>
    <subfield code="b">IA_</subfield>
    <subfield code="d">2022-11-24</subfield>
    <subfield code="e">Compra El Quijote F 413716018</subfield>
    <subfield code="i">Consumo</subfield>
    <subfield code="l">0</subfield>
    <subfield code="o">664.02853 C54 2018</subfield>
    <subfield code="p">1102014426</subfield>
    <subfield code="r">2023-03-14 00:00:00</subfield>
    <subfield code="t">Ej. 1</subfield>
    <subfield code="w">2023-03-14</subfield>
    <subfield code="y">LIBRO</subfield>
  </datafield>
</record>
